| 000 | 00469cam a2200193ua 4500 | ||
|---|---|---|---|
| 001 | 10518 | ||
| 005 | 20260515114631.0 | ||
| 008 | 190312n ii |||gr||||Z||||||eng | ||
| 020 | _a8122903096 | ||
| 040 | _cMAIN | ||
| 082 | _a301 | ||
| 100 |
_aHarry M Johnson, _eAuthor. |
||
| 245 |
_aMAIN _ba systematic introduction |
||
| 250 | _a1st rep. | ||
| 260 |
_aDelhi: _bsurjeet publications, _c2007. |
||
| 300 | _a688p. | ||
| 653 | _aSociology & anthropology | ||
| 942 | _cBK | ||
| 999 |
_c9491 _d9491 |
||